000 01374nam a2200193Ia 4500
001 19563
003 GE_BSU
008 181216s||||||||xx |||||||||||||| ||und||
040 _cGE_BSU
080 _a17
245 _aეთიკის სტანდარტების სახელმძღვანელო პრინციპები ქართული ანალიტიკური ორგანიზაციებისათვის
245 _cდოკუმენტი მოამზადა პროგრამის "საჯარო პოლიტიკის, ადვოკატირებისა და სამოქალაქო საზ-ბის განვითარება საქ-ში (G-PAC)" ფარგლებში, რომელიც დაფინასებულია აშშ-ის საერთ. განვითარების სააგენტოს მიერ
260 _c?
300 _a11გვ.
653 _aბიბლიოთეკარი
653 _aეთიკის სტანდარტების სახელმძღვანელო პრინციპები ქართული ანალიტიკური ორგანიზაციებისათვის
653 _aქსეროქსი
942 _cBK
999 _c52539
_d52539